000 00467nam a2200229Ia 4500
001 066502
003 YMCAF
005 20230512160357.0
008 100717s1976 ||||||||||||||||| ||und|d
020 _a-
024 _a66502
035 _a5965
040 _aYMCAF
_beng
_cIN-KoLT
041 _aeng
100 _aGRANT, HIRAU E.
245 0 _aJIGS ANDFIXTURES
250 _a-
260 _bTMH
_c1976
653 _a-
653 _aMECHANICAL
942 _2ddc
_cBK
999 _c4040
_d4040